| 000 | 00766cam a2200253 4500 | ||
|---|---|---|---|
| 001 | J2409 | ||
| 008 | 090401t1994 xxu||||| |||| 00| 0 eng d | ||
| 035 | _a(Sirsi) u48921 | ||
| 041 | _aeng | ||
| 050 | _a333.33091 | ||
| 110 |
_aDunlop Heywood _92379 |
||
| 245 | _aDunlop Heywood investment property index: DHIPI. - 31st December 1993 | ||
| 260 |
_aSandown, SA _bDunlop Heywood (Africa) (Pty) _c1994 |
||
| 300 | _a1pt. ; 21x10cm. | ||
| 350 | _a0 | ||
| 650 | _aDUNLOP HEYWOOD INVESTMENT PROPERTY INDEX | ||
| 650 | _aPROPERTY INDICES | ||
| 650 | _aPROPERTY INVESTMENT | ||
| 650 | _aPROPERTY PERFORMANCE | ||
| 650 | _aSOUTH AFRICA | ||
| 690 | _aPROPERTY-COMMERCIAL PROPERTY-COMMERCIAL PROPERTY FINANCE AND INVESTMENT | ||
| 942 | _n0 | ||
| 948 | _c04/03/1997 | ||
| 999 |
_c92433 _d92433 |
||